000 01108nam a22003131i 4500
999 _c2694
_d2694
001 015480588
003 Uk
005 20230810145825.0
008 130311s2009 enkab j 001 0 eng|d
020 _a9781850083474 (paperback) :
040 _aStDuBDS
_beng
_cStDuBDS
_erda
_dKH8
042 _aukblsr
082 0 4 _a909.82 WIL
100 1 _aWilkes, A.
_q(Aaron),
_eauthor.
245 1 0 _aTechnology, war and identities :
_ba world study after 1900 /
_cAaron Wilkes, James Ball.
250 _aSecond edition.
264 1 _aHaddenham, Buckinghamshire :
_bFolens,
_c2009.
300 _a160 pages :
_billustrations (black and white, and colour), maps (black and white, and colour) ;
_c8.7 x 0.33 x 11.18 inches.
336 _atext
_2rdacontent
336 _astill image
_2rdacontent
336 _acartographic image
_2rdacontent
337 _aunmediated
_2rdamedia
338 _avolume
_2rdacarrier
500 _a"FD3474"--Front cover.
500 _aIncludes index.
650 0 _aHistory, Modern
_y20th century
_vJuvenile literature.
700 1 _aBall, James
_c(History teacher),
_eauthor.
942 _2ddc
_cTR